La question de la tripartition des catégories du droit divin dans l' Antiquité romaine
Saved in:
| 主要作者: | |
|---|---|
| 格式: | 图书 |
| 语言: | 法语 |
| 出版: |
Université de Saint-Etienne
2004
|
| 丛编: | CERHI, 1
|
| 主题: | |
| 标签: |
添加标签
没有标签, 成为第一个标记此记录!
|
MARC
| LEADER | 00000cam a2200000 a 4500 | ||
|---|---|---|---|
| 001 | UCF5976 | ||
| 003 | CL-VaPUC | ||
| 008 | 130404e20040000FR |||||||||||||||||fre|d | ||
| 020 | |a 2862723223 | ||
| 082 | 0 | 4 | |a 340.54 |b SOU |2 21 |
| 100 | 0 | |a Souza, Manuel de |e author |9 568017 | |
| 245 | 1 | 3 | |a La question de la tripartition des catégories du droit divin dans l' Antiquité romaine |
| 300 | |a 118 p | ||
| 942 | |c BK | ||
| 945 | |d 20130404 00:00:00 |a dcastane | ||
| 260 | |b Université de Saint-Etienne |c 2004 | ||
| 650 | 0 | |a Derecho romano |9 255930 | |
| 583 | |a last modification |c 20130404 09:53:00 |k Rodrigo Vera | ||
| 490 | 0 | |a CERHI, 1 | |
| 999 | |c 351369 |d 351367 | ||
| 952 | |0 0 |1 0 |4 0 |6 340_540000000000000_SOU_2004 |7 0 |8 A |9 455418 |a BIBHIS |b BIBHIS |d 2019-11-22 |i 4960394 |o 340.54 SOU 2004 |p 4960394 |r 2025-01-20 |w 2019-11-22 |y BK |k HIS | ||